00905nam a2200277 i 4500001001000000003000900010005001700019007000300036008004100039020001500080040003000095041000800125082002700133100003600160245007400196250002200270264004400292300004500336336002700381337003300408338002800441500007600469650002700545650001500572700004000587000006462DO-SdBNP20251007093043.0ta090831s2006 dr a r 000 0 spa d a9993486345 aDO-SdBNPbspacBNPHUerda aspa 4a640.41bC728L 20062221 aComarazamy, Luisa,eautor4aut.13aEl libro de las soluciones /cLuisa Comarazamy, Elizabeth Comarazamy. aSegunda edición 1aSanto Domingo :bEditora Búho,c2006. a180 páginas :bilustraciones ;c22 cm. atextobtxt2rdacontent asin mediaciónbn2rdamedia avolumenbnc2rdacarrier aIncluye datos biográficos de los autores en la solapa de la cubierta. 4aEconomía doméstica 4aRecetarios12aComarazamy, Elizabeth,eautor4aut.